QUEST Central Library Banner

Reducing The Environmental Impacts of Waste Water & Design of Treatment Plants (Record no. 58526)

MARC details
000 -LEADER
fixed length control field 00429nam a2200157Ia 4500
100 ## - MAIN ENTRY--AUTHOR NAME
Personal name 12ME20
100 ## - MAIN ENTRY--AUTHOR NAME
Personal name Raheel Khan Jarwar
245 #0 - TITLE STATEMENT
Title Reducing The Environmental Impacts of Waste Water & Design of Treatment Plants
260 ## - PUBLICATION, DISTRIBUTION, ETC. (IMPRINT)
Place of publication Nawabshah
260 ## - PUBLICATION, DISTRIBUTION, ETC. (IMPRINT)
Name of publisher QUEST
260 ## - PUBLICATION, DISTRIBUTION, ETC. (IMPRINT)
Year of publication 2012
300 ## - PHYSICAL DESCRIPTION
Number of Pages 68
700 ## - ADDED ENTRY--PERSONAL NAME
Personal name Department of Mechanical Engineering
Holdings
Withdrawn status Lost status Home library Current library Date acquired Accession Number Koha item type
    Central Library, QUEST, Nawabshah Research Section 24/04/2018 MEP/26-338 Thesis and Dissertation

Copyright © 2018,The QUEST, Nawabshah, Shaheed Benazirabad. All rights reserved
Mr. G. Farooq Channar (Librarian) QUEST, Nawabshah, Sindh, Pakistan 67480.
 Ph#: |   0244-9370381-4 Ext. 2308   Email| lib@quest.edu.pk   Web|  http://www.quest.edu.pk